| 000 | 01731cam a2200505 a 4500 | ||
|---|---|---|---|
| 001 | 21570 | ||
| 003 | VRT | ||
| 005 | 20260305091259.0 | ||
| 008 | 240318s2015 xr a b 000 f slo | ||
| 015 | _aSNBZSA2016/11 | ||
| 020 |
_a9788072437900 _q(viazané) |
||
| 035 | _a494B2967-84D7-4162-B4E4-12BBDE4C9B43 | ||
| 035 | _aurn:nbn:sk:snk-amth9c | ||
| 035 | _aurn:nbn:sk:snk-am00bsdl | ||
| 039 | 9 |
_a202403251933 _bAUTHORITY _c202403251917 _dAUTHORITY _c202403251911 _dAUTHORITY _c202403251904 _dAUTHORITY |
|
| 040 |
_aPPPK _bslo _cPPPK _dSNK _eAACR2 |
||
| 041 | 1 |
_aslo _hcze |
|
| 044 |
_axr _cCZ |
||
| 072 | 7 |
_a821.162.3 _xČeská literatúra _2konspekt |
|
| 072 | 7 |
_a821-93 _xLiteratúra pre deti a mládež (beletria) _2konspekt |
|
| 080 |
_a821.162.3-32 _22011 |
||
| 080 |
_a82-93-053.2 _22011 |
||
| 100 | 1 |
_aLebeda, Jan, _d1936- _4aut |
|
| 245 | 1 | 0 |
_aRozprávky škriatka Medovníčka _cJan Lebeda ; ilustrácie Zděnka Študlarová ; [z českého originálu ... preložila Janka Štefková] |
| 250 | _aVydanie prvé | ||
| 260 |
_aPraha _bBrána _c2015 |
||
| 300 |
_a114 s. _bilustr. _c23 cm |
||
| 655 | 7 |
_ačeské príbehy _2SNKPH |
|
| 655 | 7 |
_apublikácie pre deti _2SNKPH |
|
| 655 | 7 |
_aCzech stories _2SNKPHeng |
|
| 655 | 7 |
_aChildren's literature _2SNKPHeng |
|
| 700 | 1 |
_aŠtudlarová, Zdeňka, _d1972- _4ill |
|
| 700 | 1 |
_aŠtefková, Janka, _d1977-2023 _4trl |
|
| 910 | _apppk | ||
| 910 | _asllk | ||
| 910 | _abjkdg | ||
| 910 | _askpk | ||
| 910 | _atotk | ||
| 910 | _avthk | ||
| 910 | _ahevk | ||
| 910 | _apokpoh | ||
| 910 | _asnk | ||
| 942 |
_2ddc _cKLDE _n0 |
||
| 949 |
_617A1215843 _asnkSC 171784 _bsnk2016/23666 _oVydavatelství a nakladatelství Aleš Čeněk81-ah/27Int. č. fa – 65/2016 _s6100:20161207 |
||
| 999 |
_c21570 _d21570 |
||